00951nabaa22001697a 4500003000400000005001700004008004100021040000700062100002800069245008500097300001500182505031700197505008900514650002700603650003000630773012100660OSt20260123001800.0190701b xxu||||| |||| 00| 0 spa d cPJ aSalgan Ruiz, Leandro G.13aLa prescripción penal en las sanciones administrativas /cLeandro Salgan Ruiz. ap. 180-187 aSumario: I. Reseña del caso.— II. El Cód. Penal como legislación de fondo.— III. La potestad sancionadora en el derecho público local.—IV. El carácter penal de las infracciones administrativas.— V. La aplicación de la prescripción penal a las multas tributarias.— VI. Reflexiones finales. t¿Te interesa el texto completo? Comunicate al correo: koha@justierradelfuego.gov.ar 0aDERECHO ADMINISTRATIVO 0aSANCIONES ADMINISTRATIVAS0 02842dBuenos Aires : AbeledoPerrot, 2012-oDA121tDerecho administrativo. Nº 150 noviembre/diciembre 2023z18510590